000 00308nam a22001337a 4500
008 170505b xxu||||| |||| 00| 0 eng d
020 _a9789280810929
041 _aeng
080 _a34
100 _a14
101 _aSHJ
245 _aHUMAN RIGHT SOCIETES IN TRNSITION
_cHOROWITZ.SH
942 _2udc
_cBK
999 _c12836
_d12836